Tuberculosis/ (Record no. 3482)
[ view plain ]
| 000 -LEADER | |
|---|---|
| fixed length control field | 00411nam a22001457a 4500 |
| 005 - DATE AND TIME OF LATEST TRANSACTION | |
| control field | 20250206081515.0 |
| 008 - FIXED-LENGTH DATA ELEMENTS--GENERAL INFORMATION | |
| fixed length control field | 250206b |||||||| |||| 00| 0 eng d |
| 020 ## - INTERNATIONAL STANDARD BOOK NUMBER | |
| International Standard Book Number | 8188867985 |
| 050 ## - LIBRARY OF CONGRESS CALL NUMBER | |
| Classification number | RC311 TUB |
| 245 ## - TITLE STATEMENT | |
| Title | Tuberculosis/ |
| Statement of responsibility, etc. | editor, R. S. Bhatia |
| 260 ## - PUBLICATION, DISTRIBUTION, ETC. | |
| Place of publication, distribution, etc. | Delhi |
| Name of publisher, distributor, etc. | Peepee Publishers and Distributors |
| Date of publication, distribution, etc. | 2007 |
| 300 ## - PHYSICAL DESCRIPTION | |
| Extent | xiv. 146p. |
| Other physical details | ill. some color |
| Dimensions | 24cm |
| 700 ## - ADDED ENTRY--PERSONAL NAME | |
| Personal name | Bhatia, R. S. |
| 942 ## - ADDED ENTRY ELEMENTS (KOHA) | |
| Source of classification or shelving scheme | Library of Congress Classification |
| Koha item type | Books |
| Suppress in OPAC | No |
| 999 ## - | |
| -- | 3482 |
| -- | 3482 |
| Withdrawn status | Lost status | Source of classification or shelving scheme | Damaged status | Not for loan | Collection | Home library | Current library | Shelving location | Date acquired | Total checkouts | Full call number | Barcode | Date last seen | Copy number | Price effective from | Koha item type |
|---|---|---|---|---|---|---|---|---|---|---|---|---|---|---|---|---|
| Library of Congress Classification | Non-fiction | Science Library (Miotso) | Science Library (Miotso) | General stacks | 02/06/2025 | RC311 TUB | SLM00002915 | 02/06/2025 | 1 | 02/06/2025 | Books | |||||
| Library of Congress Classification | Non-fiction | Science Library (Miotso) | Science Library (Miotso) | General stacks | 02/06/2025 | RC311 TUB | SLM00002916 | 02/06/2025 | 2 | 02/06/2025 | Books | |||||
| Library of Congress Classification | Non-fiction | Science Library (Miotso) | Science Library (Miotso) | General stacks | 02/06/2025 | RC311 TUB | SLM00002917 | 02/06/2025 | 3 | 02/06/2025 | Books | |||||
| Library of Congress Classification | Non-fiction | Science Library (Miotso) | Science Library (Miotso) | General stacks | 02/06/2025 | RC311 TUB | SLM00002918 | 02/06/2025 | 4 | 02/06/2025 | Books | |||||
| Library of Congress Classification | Non-fiction | Science Library (Miotso) | Science Library (Miotso) | General stacks | 02/06/2025 | RC311 TUB | SLM00002919 | 02/06/2025 | 5 | 02/06/2025 | Books |